Quizzes
Events
Quiz Creation
Community
Videos
Private Events
Remove Ads
Sign In
Join for FREE
Feedback
Dark Mode
Quiz Categories
Sports
Geography
Music
Movies
Television
Just For Fun
Miscellaneous
History
Literature
Language
Science
Gaming
Entertainment
Religion
Holiday
For Kids
Quiz Lab
Recent
Popular Today
Quiz Kudos Today
Editor Picks
Curator Picks
Quizzes by...
Day
Popularity
Type
Ratings
Length
Year
Community
Subscriptions
Recent Discussions
Orange Saloon
Badges
Playlists
Quests
Create
Leaderboards
Showdown
Live 5
Trivia Bingo
Activity
Puzzle Library
Sporcle Events
Private Events
Virtual Trivia
Globe League
Become a Host
Pub Owners
SporcleCon
Opinionation
Our Games
Videos
Blog
Mobile Apps
Partnerships
Remove Ads and Go Orange
Feedback
Sports
Athletes
MLB
NBA
NHL
NFL
Soccer
Sports Teams
WWE
NCAA
Football
Premier League
Basketball
Baseball
Hockey
Golf
Tennis
Cricket
Rugby
Auto Racing
Olympics
World Cup
Sports
Athletes
MLB
NBA
NHL
NFL
Soccer
Sports Teams
WWE
NCAA
Football
Premier League
Basketball
Baseball
Hockey
Golf
Tennis
Cricket
Rugby
Auto Racing
Olympics
World Cup
Random Quiz
Search Sporcle
×
Quiz Lab
Quiz Lab
Sports
Football
Type in answers that appear in a list
Type in answers that appear in a list
Classic
Best Score? Go Orange.
Premier League Penalty Takers 2012/13 Stats
Can you name the Premier League Penalty Takers 2012/13?
By
GeorgeMeck
8m
38 Questions
202 Plays
202 Plays
202 Plays
Comments
Comments
Give Quiz Kudos
Give Quiz Kudos
-
- Ratings
hide this ad
Random Order
Randomize order of answers
Randomize order of answers
Replay
Link that replays current quiz
Next Quiz
Link to next quiz in quiz playlist
You Got
0%
They Got
Avg Score
65%
Avg Friend Score
Upgrade to see
Score Distribution
Jump to the score distribution portion of the page
Score
0/38
Timer
08:00
0
Plays Today
Club
Player
% Correct
Man United
Wayne Rooney
94.6%
Man United
Robin Van Persie
92.6%
Newcastle
Demba Ba
90.1%
Liverpool
Steven Gerrard
89.6%
Man City
Aguero
89.1%
Chelsea
Frank Lampard
88.1%
Man City
Carlos Tevez
82.2%
Arsenal
Mikel Arteta
81.7%
Chelsea
Eden Hazard
78.2%
Everton
Leighton Baines
77.7%
QPR
Djibril Cisse
77.7%
Chelsea
Fernando Torres
76.7%
Man City
David Silva
76.2%
Man City
Edin Dzeko
76.2%
Fulham
Dimitar Berbatov
74.3%
Southampton
Rickie Lambert
71.3%
Aston villa
Christian Benteke
70.8%
Norwich
Grant Holt
70.3%
Newcastle
Yohan Cabaye
64.9%
Club
Player
% Correct
West Brom
Romelu Lukaku
64.9%
Stoke
Jonathon Walters
63.9%
West Ham
Mark Noble
63.4%
West Ham
Andy Carroll
63.4%
Man United
Javier Hernandez
62.4%
Liverpool
Daniel Sturridge
60.9%
Chelsea
Oscar
59.9%
West Brom
Shane Long
58.4%
Reading
Adam Le Fondre
55.9%
QPR
Loic Remy
48.5%
Newcastle
Hatem Ben Arfa
47%
West Brom
Peter Odemwingie
46.5%
West Brom
James Morrison
45%
QPR
Adel Taarabt
45%
Sunderland
Craig Gardner
43.1%
Wigan
Shaun Maloney
41.1%
Fulham
Steve Sidwell
40.6%
Fulham
Mladen Petric
28.2%
West Brom
Graham Dorrans
27.2%
Quiz Playlist
Details
Report
Send in Message
Add To Playlist
Classic:
Type in answers that appear in a list
Random Order:
Randomize order of answers
Last Updated: Feb 16, 2017
Quiz Scoreboard
CHALLENGE
Sign Up to Join the Scoreboard
Show All
Scores
Hide
Comments
May contain spoilers
Recently Published
NBA Finals Game Top Scorers (2010s)
by flibbidy
Sports
5m
Guess the 'R' Things in 3 Words
by MSUKent
Miscellaneous
3m
Actor to Badly Drawn Movie III
by MoMosMoProblems
Movies
5m
More to Explore
Quiz From the Vault
Featured Blog Post
Where Does Lost Luggage Go?
hide this ad
You Might Also Like...
Tags
Football Quiz
Premier League Quiz
Soccer Quiz
2012
2013
Penalty
prem
Premier Football
Today's Top Quizzes in Sports
Browse Sports
hide this ad
Today's Top Quizzes in Football
Browse Football
Top Contributed Quizzes in Sports
1
Les joueurs à 100 buts en Ligue 1 Uber Eats
2
2022 World Cup Stars
3
2024 March Madness Bracket
4
Millionaire: NBA Finals Edition
5
Players with Multiple 50 Home Run Seasons
6
Criteria MLB: Left Handed Sluggers
7
Nickname Match: Athletes VI
8
Iconic Moments in Football - Multiple Choice
9
NFL MVPs ordered
10
NBA Championships Per City
Explore More
Trending Topics
Kpop
Harry Potter
Crossword
Disney
Anime
Marvel
NBA
Song
Pokémon
WWE
The Office
NFL
Puzzle
Country
Soccer
hide this ad
More By:
GeorgeMeck
Quiz
Plays
Rating
Category
Featured
Created
Premier League Penalty Takers 2012/13
202
3.00
Sports
Apr 18, 2013
Go to Creator's Profile
Score Distribution
Quiz Creator Spotlight
GeorgeMeck
Follow
Send a Message
Quizzes Created
-
Created Quiz Play Count
-
More By This Creator
Popular Quizzes Today
1
Find the US States - No Outlines Minefield
2
Find the US States
3
The Countries of the World
4
10 Largest US States in Order
5
Find the Countries of Europe - No Outlines Minefield
6
US States
7
Guess the 'R' Things in 3 Words
8
NBA Finals Game Top Scorers (2010s)
More Sports Quizzes
Cristiano Ronaldo's Winning XI's against Napoli
Quiz Lab
Trending Quizzes
First Name TV: Leading Men
First Name TV: Leading Women Drama
Match the Book to the Film II
Pick A Pair: Religious TV
Match the Book to the Film VI
Recently Updated
Women's Final Four Teams by Year
bhenderson79
Presidents Quartet II
eogle
Anything But Clue(do)
eogle
Anything But Oceanian Capitals
eogle
Anything But 7
eogle
Anything But Thing
eogle
Word Ladder: February 29
pecheneg
Song Title Questions
pecheneg
Women's NCAA Tournament #1 Seeds
pecheneg
Celebrity Mug Shots
pecheneg
Trending Topics
Disney
Harry Potter
NBA
Anime
Kpop
Crossword
Marvel
The Office
Song
Country
Puzzle
WWE
NFL
Soccer
Pokémon
Your Account Isn't Verified!
In order to create a playlist on Sporcle, you need to verify the email address you used during registration. Go to your
Sporcle Settings
to finish the process.
Report this User
Report this user for behavior that violates our
Community Guidelines
.
Details:
Send Report
Go to the Sporcle.com Mobile Site →
Comments